00374nam a22001337a 450000500170000000800410001704100120005808200130007010000120008324500380009526000500013330000320018365000250021520240816085052.0240816b |||||||| |||| 00| 0 eng d aEnglish a349 LAW  lEnglish aThe Law Reports: Probate Division aLondon: bWilliam Clowes and Sons Ltd, c1893 bxviii, 360 pages; c25 cm.  aLegal practice bLaw